Mahatma Gandhiji aur Netaji Subhash Chandra Bose: Ek sankshipt tulnatmak adhyayan (Record no. 128234)

MARC details
000 -LEADER
fixed length control field 00376nam a2200145Ia 4500
008 - FIXED-LENGTH DATA ELEMENTS--GENERAL INFORMATION
fixed length control field 230917s9999||||xx |||||||||||||| ||und||
040 ## - CATALOGING SOURCE
-- 251915
Original cataloging agency VIVEKANANDA LIBRARY
041 ## - Language
-- English
082 ## - DDC NUMBER
Classification number 320.011 M314M
100 ## - MAIN ENTRY--PERSONAL NAME
Personal name Manju
245 #0 - TITLE STATEMENT
Title Mahatma Gandhiji aur Netaji Subhash Chandra Bose: Ek sankshipt tulnatmak adhyayan
260 ## - PUBLICATION, DISTRIBUTION, ETC. (IMPRINT)
Date of publication, distribution, etc 2017
300 ## - PHYSICAL DESCRIPTION
Pages 110 p.
942 ## - ADDED ENTRY ELEMENTS (KOHA)
Koha item type Thesis
Holdings
Withdrawn status Lost status Damaged status Not for loan Location (home branch) Sublocation or collection (holding branch) Date acquired Koha issues (times borrowed) Koha full call number Accession No. Koha date last seen Koha item type
        VIVEKANANDA LIBRARY VIVEKANANDA LIBRARY 04/12/2018   320.011 M314M 224042 17/09/2023 Thesis
© Designed and Maintained by Vivekananda Library, MDU Rohtak